000 01663cam a2200145 4500500
005 20251214002848.0
041 _afre
042 _adc
100 1 0 _aZarka, Yves Charles
_eauthor
700 1 0 _aZafrani, Avishag
_eauthor
245 0 0 _aLa Démocratie, état critique
260 _bArmand Colin,
_c2012.
520 _aCes dernières années, l’extraordinaire fortune du terme « gouvernance » n’est certainement pas due au hasard, pas plus que la terminologie de l’évaluation et celle de la transparence qui l’accompagnent. « Gouvernance », « évaluation », « transparence » : voilà la nouvelle trinité d’une religion elle-même nouvelle, la religion managériale. Mais cette gouvernance est-elle compatible avec la démocratie ? Ne s’apparente-elle pas plutôt à une technologie gestionnaire qui aurait pour objectif à la fois d’esquiver la démocratie et, à terme, de lui substituer un nouveau paradigme de légitimité ? C’est là l’un des points majeurs que cet ouvrage tente d’élucider. Le paradigme de la légitimité démocratique a été attaqué de trois côtés : par la mondialisation du capitalisme, par des pratiques de gouvernance qui ruinent la dimension publique du politique et par une dérive de la démocratie elle-même, soit la distance qui s’est créée entre « la caste de pouvoir » et les citoyens ordinaires. Au-delà du diagnostic de l’état critique de la démocratie, le présent ouvrage a également pour ambition de montrer par quelles voies en sortir.
856 4 1 _uhttps://shs.cairn.info/la-democratie-etat-critique--9782200278571?lang=fr&redirect-ssocas=7080
999 _c1567548
_d1567548